000 00429nmm a2200157Ia 4500
008 251105s9999||||xx |||||||||||||||||und||
020 _a9788431532529
041 _aspa
100 _aPrimiceri, Antonio
245 0 _a1000 cócteles de todo el mundo
264 _a[Madrid, España] :
_bDe Vecchi,
_c2000
300 _a0 páginas
650 _aCooking
856 _uhttps://public.digitaliapublishing.com/a/31130
942 _cCF
999 _c81315
_d81315